000 nam a22 7a 4500
999 _c27616
_d27616
008 170209b xxu||||| |||| 00| 0 eng d
020 _a9780495916147
050 _aMT 6 .H565M87 2012
100 _aHoffer, Charles.
_d2012
245 _aMusic listening today/
_cCharles Hoffer.
250 _a4th ed.
260 _aAustralia:
_bSchirmer cengage learning,
_c2012.
300 _axxxi, 383p.:
_bill.;
_c28cm.
521 _aIncludes bibliographical references and index.
650 _aMusic.
942 _2lcc
_cBOOKS
_hMT 6 .H565M87 2012